Redemption in Romans and resurrection and rapture in Revelation. (Record no. 5688)

000 -LEADER
fixed length control field 00627nam a2200193 a 4500
001 - CONTROL NUMBER
control field :::00003430$&:&@@
003 - CONTROL NUMBER IDENTIFIER
control field OkBaRHE
005 - DATE AND TIME OF LATEST TRANSACTION
control field 20000607103305.0
008 - FIXED-LENGTH DATA ELEMENTS--GENERAL INFORMATION
fixed length control field s1978 j 000 0 eng u
040 ## - CATALOGING SOURCE
Transcribing agency
100 1# - MAIN ENTRY--PERSONAL NAME
Personal name Hubbard, David E.
245 10 - TITLE STATEMENT
Title Redemption in Romans and resurrection and rapture in Revelation.
260 ## - PUBLICATION, DISTRIBUTION, ETC. (IMPRINT)
Place of publication, distribution, etc Hamptonville, NC., :
Name of publisher, distributor, etc David E. Hubbard
Date of publication, distribution, etc c1978
300 ## - PHYSICAL DESCRIPTION
Extent 65 p. ;
Dimensions 22 cm.
650 ## - SUBJECT ADDED ENTRY--TOPICAL TERM
Topical term or geographic name as entry element Bible New Testament Revelation
650 ## - SUBJECT ADDED ENTRY--TOPICAL TERM
Topical term or geographic name as entry element Bible New Testament Romans
942 ## - ADDED ENTRY ELEMENTS (KOHA)
Source of classification or shelving scheme
Koha item type Books
Copies
Shelving location Price effective from Date acquired Barcode Source of classification or shelving scheme Full call number Damaged status Permanent Location Copy number Koha item type Not for loan Date last seen Lost status Withdrawn status
General Stacks2010-04-142010-04-143430 BS 2665 .H8 RHEMA Bible Training College1Books 2018-03-28